Statistiques concernant Départements français connectés #5

Cliquez ici pour prendre le quiz!

Statistiques générales

  • Ce quiz a été pris 196 fois
  • Le résultat moyen est 9 sur 10

Réponses sur la Carte

Les réponses sont colorées sur une échelle allant du rouge au vert en fonction du pourcentage des utilisateurs qui les ont devinées à leur premier essai. Vous pouvez retrouver ces pourcentages ci-dessous.
 

Statistiques - réponses

Départements% Correct
29Finistère
99%
56Morbihan
97%
22Côtes-d'Armor
96%
35Ille-et-Vilaine
96%
27Eure
92%
76Seine-Maritime
91%
53Mayenne
89%
61Orne
88%
28Eure-et-Loir
86%
78Yvelines
84%

Distribution des résultats

Percentile par nombre de réponses

% des personnes avec chaque résultat

Votre développement - résultats

Vous n’avez pas pris ce quiz